| 000 | 00463pam a2200181 a 4500 | ||
|---|---|---|---|
| 020 | _a0070569592 (alk. paper) : | ||
| 040 | _cDLC | ||
| 082 | 0 | 0 | _a301 MCG 1995 A013 Or. |
| 100 | 1 | _aSchaefer, Richard T. | |
| 245 | 1 | 0 | _aSociology / |
| 250 | _a5th ed. | ||
| 260 |
_aNew York : _bMcGraw-Hill, _cc1995. |
||
| 300 |
_axxiv, 677 p. : _bill. (some col.) ; _c27 cm. |
||
| 650 | 0 | _aSociology. | |
| 650 | 0 | _aSocial problems. | |
| 700 | 1 | _aLamm, Robert P. | |
| 942 | _cEK | ||
| 999 |
_c12986 _d12986 |
||